000 01002nam a22002057a 4500
999 _c57860
_d57860
003 Ge_BSU
005 20210318142613.0
008 210318s2004ge xxu||||| |||| 00| 0 geo d
020 _a9992832096
041 _ageo
080 _a340(479.22) ფ-20
100 _aფალიაშვილი, აპოლონ.
_9241
245 _aსაქართველოს სამართალდამცავი ორგანოები :
_b[იურიდ. ფაკ. სტუდ.] /
_cაპოლონ ფალიაშვილი ; რედ. შოთა ფაფიაშვილი
264 _aთბილისი:
_bმერიდიანი,
_c2004.
300 _a303 გვ. ;
_c20 სმ.
653 _aსამართალდამცავი ორგანოები საქართველოში
653 _aსამართალი
700 _aფაფიაშვილი,შოთა
_eრედაქტორი
_910561
942 _2udc
_cBK